000 01004ntaaa2200217 4500
003 01
005 20251027203337.0
008 0714s1973 ag 01
040 _aAR-BaBN
_bspa
_cAR-BaBN
_eaacr
_dRIC
100 _aTchaikovsky, Piotr Ilich
_d1840-1893
245 _aConcierto no. 1 para piano y orquesta en si bemol menor op. 23 ; Concierto para violín y orquesta en re mayor op. 35 /
_cPiotr Ilich Tchaikovsky
260 _aBuenos Aires :
_bViscontea [distribuidor],
_cc1979
300 _a1 disco son. (1 hr., 5 min., 53 seg.) ;
_canalógico, 33 1/3 rpm, estereo ; 12 plg.
490 _aLos grandes músicos ;
_v50
500 _aMichael Ponti, piano ; Orquesta Sinfónica de Praga, Richard Kapp, director
500 _aAaron Rosand, violín ; Orquesta Sinfónica de Radio Luxemburgo, Louis de Froment, director
500 _aFabricado por: CBS. Licencia de: Vox-Turnabout-MMG (The Moss Music Group)
500 _aDuraciones: 33 min., 20 seg. ; 32 min., 33 seg.
650 _aMUSICA
942 _cBK
999 _c28968
_d28968